Che Guevara : guerrilla to the end /

A unique profile of one of the Twentieth Century's most iconic figures.

Bibliographic Details
Other Authors: Pinto, Cândida, 1963- (Narrator)
Format: Video
Language:English
Language Notes:In English.
Published: Surrey, England : Journeyman Pictures, 1998.
Subjects:
Online Access:Connect to this streaming video (Alexander Street Press)

MARC

Tag First Indicator Second Indicator Subfields
LEADER 00000cgm a22000003a 4500
001 in00003751237
006 m|||||o||c||||||||
007 cr |n||||||||a
007 vz |za|z|
008 150212s1998 enk051 e |o v|eng d
005 20260324205747.8
035 |a (OCoLC)911956254 
035 |a ASP2231528/whiv 
040 |a VaAlASP  |c VaAlASP  |d UtOrBLW 
050 4 |a D421  |b .C444 1998 
245 0 0 |a Che Guevara :  |b guerrilla to the end /  |c reported by Candida Pinto. 
264 1 |a Surrey, England :  |b Journeyman Pictures,  |c 1998. 
300 |a 1 online resource (51 min.) 
306 |a 005031 
336 |a two-dimensional moving image  |b tdi  |2 rdacontent 
337 |a computer  |b c  |2 rdamedia 
337 |a video  |b v  |2 rdamedia 
338 |a online resource  |b cr  |2 rdacarrier 
338 |a other  |b vz  |2 rdacarrier 
500 |a Title from resource description page (viewed Feb. 13, 2015). 
520 |a A unique profile of one of the Twentieth Century's most iconic figures. 
530 |a Previously released as DVD. 
546 |a In English. 
500 |a Electronic resource. 
600 1 0 |a Guevara, Che,  |d 1928-1967.  |0 http://id.loc.gov/authorities/names/n79018345 
655 7 |a Internet videos.  |2 lcgft  |0 http://id.loc.gov/authorities/genreForms/gf2011026337 
655 7 |a Documentary films.  |2 lcgft  |0 http://id.loc.gov/authorities/genreForms/gf2011026205 
700 1 |a Pinto, Cândida,  |d 1963-  |e narrator.  |0 http://id.loc.gov/authorities/names/nb2013001925 
710 2 |a SIC Productions (Firm),  |e production company.  |0 http://id.loc.gov/authorities/names/no2006118380 
856 4 0 |u http://proxy.library.tamu.edu/login?url=https://www.aspresolver.com/aspresolver.asp?WHIV;2231528  |z Connect to this streaming video (Alexander Street Press)  |t 0 
999 f f |s 8f67e98f-6176-348f-8f7a-c904104415f5  |i da3ba5e6-c7fb-376e-8f00-2e48b4c039f0  |t 0 
952 f f |a Texas A&M University  |b College Station  |c Electronic Resources  |s www_evans  |d Available Online  |t 0  |e D421 .C444 1998  |h Library of Congress classification 
998 f f |a D421 .C444 1998  |t 0  |l Available Online